| 000 | 02526nam a2200337 i 4500 | ||
|---|---|---|---|
| 999 |
_c65606 _d65606 |
||
| 001 | 768714001 | ||
| 003 | CO-MdFUSB | ||
| 005 | 20200723145507.0 | ||
| 007 | ta | ||
| 008 | 200402t2000 -us |||| |||| 00| 0 eng d | ||
| 020 | _a 9781565635692 | ||
| 040 |
_aCO-MdFUSB _bspa _cCO-MdFUSB _dCO-MdFUSBC _erda |
||
| 041 | _aeng | ||
| 082 |
_223 _a226.507 _bM874 |
||
| 100 |
_aMorris, Leon _eautor |
||
| 245 |
_aReflections on the Gospel of John _c/ Leon Morris |
||
| 264 | 1 |
_aEstados Unidos : _bHendrickson Publishers, _c[2000] |
|
| 264 | 4 | _c© 2000 | |
| 300 |
_a738 páginas _c; 24 cm |
||
| 336 |
_2rdacontent _atexto _btxt |
||
| 337 |
_2rdamedia _asin mediación _bn |
||
| 338 |
_2rdacarrier _avolumen _bnc |
||
| 500 | _aColección Dawn Christina Harrell | ||
| 505 | _aLa palabra. - La familia de Dios. - Vimos su gloria. -- ¿Quién eres tú? -- El cordero de Dios. -- Los primeros discípulos: Andrés. -- Los primeros discípulos: Felipe. --Los primeros discípulos: Natanael. -- Una boda en Cana. -- El templo. -- Renacimiento desde arriba. -- La muerte de Cristo y la vida de los hombres. -- Juicio: un regalo de verdad. -- Él debe aumentar. -- Samaritanos y judíos. Agua viva. -- Adoración en espíritu y verdad. -- La gran cosecha. -- La curación del hijo del oficial. -- Un hombre grande sanó. -- El sábado. -- El hijo del padre. Vida y juicio. -- Testigo del hijo. - El milagro de los panes y los peces. -- El milagro en el mar. -- Maná caído del cielo. -- Pan vivo. -- La carne y la sangre. -- El espíritu da vida. | ||
| 520 | _aExplore el Evangelio de Juan con uno de los grandes maestros del Nuevo Testamento, Leon Morris. Morris ha pasado muchos años dando conferencias, predicando y escribiendo sobre el Evangelio de Juan, y en este volumen expone el mensaje de Juan de una manera cautivadora. • Morris teje notas sobre el trasfondo histórico, comentarios sobre el texto griego y discusión de la teología de Juan, junto con ilustraciones y aplicaciones contemporáneas. • En lugar de proceder verso por verso, comenta unidad por unidad sobre el texto en inglés (su propia traducción del griego original). • El tono de la escritura de Morris es devocional, pero está respaldado por el peso de la erudición. • Originalmente impreso en cuatro volúmenes separados, este trabajo ahora está disponible en un volumen conveniente y duradero | ||
| 563 | _aTapa dura | ||
| 630 | 0 | 7 |
_aBiblia. _pJuan _vComentarios. |
| 942 | _cBK | ||
| 945 |
_aJTF-925 _bAEM-53 |
||